| 000 | 00433nam a2200169Ia 4500 | ||
|---|---|---|---|
| 008 | 210716s1999 xx 000 0 und d | ||
| 020 | _a0198601422 | ||
| 041 | _aeng | ||
| 082 | _a413 ALLR | ||
| 100 | _aAllen, Robert. | ||
| 245 | _aOxford pocket fowlers: modern english usage. | ||
| 250 | _a1 | ||
| 260 |
_aNew York _bOxford University Press _c1999 |
||
| 300 | _a622 | ||
| 650 | _aDictionaries(413) | ||
| 700 | _aAllen, Robert. | ||
| 999 |
_c199357 _d199357 |
||